[Event "ICS rated standard match"]
[Site "204.178.125.65"]
[Date "2001.07.23"]
[Round "?"]
[White "Hossa"]
[Black "BrazilianMaster"]
[Result "0-1"]
[WhiteElo "2344"]
[BlackElo "2707"]
[PlyCount "145"]
[EventDate "2001.??.??"]

1. c4 e5 2. g3 Nf6 3. Bg2 c6 4. d4 e4 5. Nh3 d5 6. cxd5 cxd5 7. Nc3 h6 8. O-O
Nc6 9. f3 exf3 10. Rxf3 Be7 11. Rf1 Bxh3 12. Bxh3 O-O 13. Kh1 Qb6 14. e3 Rad8
15. Bg2 Qa6 16. Bd2 Qd3 17. Rc1 Bb4 18. Rf4 Rfe8 19. Bh3 a5 20. Bf5 Ne4 21.
Bxe4 dxe4 22. a3 Bd6 23. Rf1 Be7 24. Nb1 Rc8 25. Qg4 Bg5 26. Qf5 Rf8 27. Qf2 a4
28. Rcd1 Qb3 29. Bc3 Ne7 30. h4 Bf6 31. Bb4 Nd5 32. Nd2 Qxe3 33. Bxf8 Qxf2 34.
Rxf2 e3 35. Re2 Rc2 36. Bb4 Rxb2 37. Ree1 exd2 38. Rxd2 Rb3 39. Bd6 Ne3 40. Rf2
Bxd4 41. Rf4 Rd3 42. Rf3 g5 43. hxg5 hxg5 44. Be7 Rb3 45. Bf6 Bxf6 46. Rexe3
Rxe3 47. Rxe3 Bb2 48. Kg2 b5 49. Rd3 f6 50. Kf3 Kf7 51. Ke2 Ke6 52. Kd2 f5 53.
Kc2 Be5 54. Rf3 g4 55. Rd3 f4 56. gxf4 Bxf4 57. Rd4 Kf5 58. Rd1 Ke4 59. Kc3 g3
60. Rg1 Kd5 61. Rd1+ Kc6 62. Re1 Bd6 63. Kb2 Kd5 64. Re2 Bc5 65. Rg2 Bf2 66.
Kc3 Kc5 67. Kd3 b4 68. axb4+ Kxb4 69. Kc2 Ka3 70. Kc3 Ka2 71. Kb4 a3 72. Kc3
Kb1 73. Kc4 {Hossa resigns} 0-1

[Event "ICS rated blitz match"]
[Site "204.178.125.65"]
[Date "2001.07.23"]
[Round "?"]
[White "Hossa"]
[Black "koljap"]
[Result "0-1"]
[WhiteElo "2606"]
[BlackElo "2168"]
[PlyCount "154"]
[EventDate "2001.??.??"]

1. e4 c5 2. Nc3 Nc6 3. Nf3 g6 4. Bc4 Bg7 5. O-O e6 6. d3 Nge7 7. Bf4 d6 8. Nb5
e5 9. Bg5 O-O 10. Nc3 Be6 11. Nd5 Qd7 12. Bd2 Bxd5 13. exd5 Nb4 14. Bxb4 cxb4
15. Qe2 b5 16. Bb3 a5 17. a3 bxa3 18. bxa3 a4 19. Ba2 e4 20. dxe4 Bxa1 21. Rxa1
Rab8 22. Rb1 Rb7 23. Nd4 Rfb8 24. c3 Rb6 25. Qf3 Qc7 26. Rb4 Qc8 27. Qd3 Qd7
28. Qg3 Qc8 29. Bb1 Qc5 30. Qd3 Rf8 31. Ba2 Rfb8 32. Qh3 Rc8 33. Ne2 Rbb8 34.
Qh4 Re8 35. Qf6 Nc8 36. h4 Nb6 37. h5 Nd7 38. Qh4 Ne5 39. hxg6 fxg6 40. Qh3
Rbc8 41. Kf1 Rf8 42. f4 h5 43. Qg3 Ng4 44. Bb1 Qe3 45. Qxe3 Nxe3+ 46. Kg1 g5
47. Bd3 gxf4 48. Bxb5 Nxg2 49. Kxg2 f3+ 50. Kf2 fxe2+ 51. Kxe2 Rxc3 52. Rxa4
Rb8 53. Kd2 Rg3 54. Bc4 Rb2+ 55. Ke1 Rg1+ 56. Bf1 Rb1+ 57. Kd2 Rbxf1 58. Ra6 h4
59. e5 dxe5 60. Ke2 Re1+ 61. Kd3 Rg3+ 62. Kd2 Ra1 63. Ke2 h3 64. Kf2 Rgxa3 65.
Rxa3 Rxa3 66. d6 Rd3 67. Ke1 h2 68. Ke2 Rxd6 69. Kf2 Kf7 70. Kg2 Rf6 71. Kh1 e4
72. Kg2 e3 73. Kh1 e2 74. Kg2 e1=Q 75. Kh3 Rg6 76. Kxh2 Qg3+ 77. Kh1 Qh4# {
Hossa checkmated} 0-1

[Event "ICS rated blitz match"]
[Site "204.178.125.65"]
[Date "2001.07.23"]
[Round "?"]
[White "Hossa"]
[Black "koljap"]
[Result "1-0"]
[WhiteElo "2579"]
[BlackElo "2195"]
[PlyCount "30"]
[EventDate "2001.??.??"]

1. e4 d5 2. exd5 Qxd5 3. Nc3 Qa5 4. d4 Nc6 5. Bb5 Bd7 6. d5 Ne5 7. Bxd7+ Nxd7
8. Nf3 O-O-O 9. O-O Ngf6 10. Ng5 Ne5 11. f4 Nxd5 12. fxe5 Nxc3 13. Qf3 Nxa2 14.
Nxf7 e6 15. Nxd8 Kxd8 {koljap resigns} 1-0

[Event "ICS rated blitz match"]
[Site "204.178.125.65"]
[Date "2001.07.23"]
[Round "?"]
[White "Hossa"]
[Black "koljap"]
[Result "0-1"]
[WhiteElo "2585"]
[BlackElo "2189"]
[PlyCount "117"]
[EventDate "2001.??.??"]

1. e4 c5 2. Nf3 Nc6 3. d4 cxd4 4. Nxd4 g6 5. Nc3 Bg7 6. Be3 Nf6 7. Bc4 O-O 8.
Bb3 a5 9. O-O a4 10. Nxc6 dxc6 11. Nxa4 Nxe4 12. Qe2 Qa5 13. Bb6 Qf5 14. Rae1
Nf6 15. Qxe7 Nd5 16. Qc5 Nxb6 17. Qxf5 Bxf5 18. Nxb6 Rad8 19. Re7 Bxb2 20. Rxb7
Bd4 21. a4 Rb8 22. Rxb8 Rxb8 23. Nc4 Rd8 24. Ne3 Bc8 25. Rd1 Kg7 26. c3 Bf6 27.
Rxd8 Bxd8 28. Kf1 Bc7 29. Ke2 Be5 30. Kd2 Bxh2 31. g3 f5 32. Ng2 g5 33. a5 Ba6
34. Ne3 f4 35. Nf5+ Kf6 36. Bc2 g4 37. Be4 Ke5 38. Bb1 h5 39. Kd1 Bc4 40. Kd2
Ba6 41. Kd1 fxg3 42. fxg3 Bg1 43. Ke1 Bc5 44. Nh6 Be3 45. Nf7+ Kd5 46. Bg6 h4
47. gxh4 g3 48. Bh5 Ke4 49. Bd1 g2 50. Ng5+ Bxg5 51. Kf2 Bxh4+ 52. Kxg2 c5 53.
Bc2+ Ke3 54. Bb3 c4 55. Bc2 Bf6 56. Kg1 Bxc3 57. Bd1 Bxa5 58. Kh2 c3 59. Kg3 {
Hossa resigns} 0-1

[Event "ICS rated blitz match"]
[Site "204.178.125.65"]
[Date "2001.07.23"]
[Round "?"]
[White "koljap"]
[Black "Hossa"]
[Result "1-0"]
[WhiteElo "2218"]
[BlackElo "2556"]
[PlyCount "76"]
[EventDate "2001.??.??"]

1. e4 e5 2. Nf3 Nc6 3. Bb5 a6 4. Bxc6 dxc6 5. O-O f6 6. d4 exd4 7. Qxd4 Qxd4 8.
Nxd4 Bd7 9. Nc3 O-O-O 10. Be3 g5 11. Rad1 Bd6 12. Nb3 Be6 13. Rfe1 Bxb3 14.
axb3 Ne7 15. f3 h5 16. Rd3 Ng6 17. Red1 Be5 18. Na4 Rxd3 19. Rxd3 g4 20. h3
gxf3 21. gxf3 Rg8 22. Kf2 Nh4 23. f4 Bd6 24. Bd2 Rg2+ 25. Kf1 Rh2 26. b4 b5 27.
Nb6+ cxb6 28. Rxd6 f5 29. e5 Nf3 30. Bc3 Rxc2 31. e6 Nh2+ 32. Ke1 Rg2 33. e7
Nf3+ 34. Kd1 Kc7 35. Rd8 Rh2 36. e8=Q Rh1+ 37. Kc2 Nd4+ 38. Rxd4 Rh2+ {
Hossa resigns} 1-0

[Event "ICS rated blitz match"]
[Site "204.178.125.65"]
[Date "2001.07.23"]
[Round "?"]
[White "Hossa"]
[Black "koljap"]
[Result "0-1"]
[WhiteElo "2528"]
[BlackElo "2246"]
[PlyCount "119"]
[EventDate "2001.??.??"]

1. e4 c5 2. Nc3 Nc6 3. f4 g6 4. Bc4 Bg7 5. Nf3 e6 6. O-O Nge7 7. e5 d5 8. exd6
Qxd6 9. Ne4 Qc7 10. d3 O-O 11. a3 Na5 12. Ba2 Rd8 13. Qe2 Nf5 14. Ne5 Nc6 15.
Nxc6 Qxc6 16. c3 Bd7 17. Bd2 Nd6 18. Be1 Nxe4 19. dxe4 Bf6 20. Rd1 h6 21. e5
Be7 22. Rf3 Be8 23. Rxd8 Rxd8 24. Rh3 Qa4 25. Qf2 Qe4 26. Bb3 Kg7 27. Bc2 Qd5
28. b3 c4 29. b4 a5 30. Qe3 Bc6 31. Qe2 axb4 32. axb4 Ra8 33. Rf3 Ra1 34. Qf2
Bh4 35. Qxh4 Qd2 36. Kf1 Bxf3 37. gxf3 Qxc2 38. Qf6+ Kg8 39. Qd8+ Kh7 40. Qf6
Qd3+ 41. Kg2 Kg8 42. Bf2 Ra2 43. Qe7 Qd2 44. Qh4 b5 45. Kg1 Qc1+ 46. Kg2 Rd2
47. f5 exf5 48. e6 Qxc3 49. Qxh6 Qd4 50. exf7+ Kxf7 51. Qh7+ Qg7 52. Qh4 c3 53.
Qf4 Ke6 54. Qb8 c2 55. Qb6+ Kf7 56. Qc7+ Kg8 57. Qc8+ Kh7 58. Qc5 Qf6 59. Kh3
Rxf2 60. Qxf2 {Hossa resigns} 0-1

[Event "ICS Rated blitz match"]
[Site "204.178.125.65"]
[Date "2001.07.23"]
[Round "?"]
[White "koljap"]
[Black "Hossa"]
[Result "1-0"]
[WhiteElo "2273"]
[BlackElo "2501"]
[PlyCount "78"]
[EventDate "2001.??.??"]

1. e4 c5 2. Nf3 Nc6 3. d4 cxd4 4. c3 dxc3 5. Nxc3 d6 6. Bc4 Nf6 7. e5 Ng4 8.
Bxf7+ Kxf7 9. Ng5+ Ke8 10. e6 Nge5 11. f4 h6 12. Nge4 Bxe6 13. fxe5 Nxe5 14.
Bf4 Bg4 15. Qc2 Nf7 16. Nf2 Bd7 17. O-O Bc6 18. Be3 e6 19. Nd3 Qd7 20. Nb4 d5
21. Nxc6 bxc6 22. Qg6 d4 23. Rad1 c5 24. Rf3 Bd6 25. Ne4 Rf8 26. Bxh6 Be5 27.
Bxg7 Bxg7 28. Qxg7 Qe7 29. Nf6+ Kd8 30. Nh7 Kd7 31. Rdf1 Kd6 32. Nxf8 Nd8 33.
Qxe7+ Kxe7 34. h4 Kd6 35. h5 Rb8 36. h6 Rb7 37. h7 Rxh7 38. Nxh7 Nc6 39. Ng5 c4
{Hossa resigns} 1-0

[Event "ICS rated blitz match"]
[Site "204.178.125.65"]
[Date "2001.07.23"]
[Round "?"]
[White "Hossa"]
[Black "Tinker"]
[Result "1-0"]
[WhiteElo "2476"]
[BlackElo "2464"]
[PlyCount "99"]
[EventDate "2001.??.??"]

1. e4 e5 2. Nf3 d5 3. Nxe5 Bd6 4. d4 dxe4 5. Bc4 Bxe5 6. Qh5 Qf6 7. dxe5 Qf5 8.
Qxf5 Bxf5 9. Nc3 c6 10. g4 Bg6 11. Bf4 Nd7 12. O-O-O Ne7 13. Rhe1 Nb6 14. Bb3
Nbd5 15. Nxd5 Nxd5 16. Bxd5 cxd5 17. Rxd5 Rd8 18. Rd6 h6 19. Red1 Rc8 20. c3 b5
21. a3 h5 22. g5 O-O 23. Ra6 Ra8 24. Rd7 h4 25. Raxa7 Rxa7 26. Rxa7 Bh5 27. a4
bxa4 28. Rxa4 Bf3 29. b4 Rc8 30. Kc2 Be2 31. Ra7 h3 32. e6 fxe6 33. Be5 Bd3+
34. Kd2 Rd8 35. Ke3 Bc2 36. Rxg7+ Kf8 37. Rb7 Rd3+ 38. Kf4 Rf3+ 39. Kg4 Bd1 40.
Kh4 Rf5 41. Bd4 e5 42. Be3 Rf3 43. g6 Bb3 44. Rc7 Be6 45. c4 Kg8 46. b5 Rf8 47.
b6 Rc8 48. b7 Rb8 49. Ba7 Rxb7 50. Rxb7 {Tinker resigns} 1-0

[Event "ICS rated blitz match"]
[Site "204.178.125.65"]
[Date "2001.07.23"]
[Round "?"]
[White "Tinker"]
[Black "Hossa"]
[Result "1/2-1/2"]
[WhiteElo "2449"]
[BlackElo "2491"]
[PlyCount "191"]
[EventDate "2001.??.??"]

1. e4 c5 2. Nf3 d6 3. d4 cxd4 4. Nxd4 Nf6 5. Nc3 a6 6. Be2 e5 7. Nb3 Be7 8. O-O
Be6 9. Be3 O-O 10. Qd2 d5 11. exd5 Nxd5 12. Rfd1 Nxe3 13. Qxe3 Nd7 14. Qf3 Qc7
15. Qg3 Nf6 16. Nd4 Bd7 17. Nf3 Bd6 18. Ng5 Bf5 19. Rac1 Rfd8 20. Nd5 Nxd5 21.
Rxd5 e4 22. Qb3 Bxh2+ 23. Kh1 Rxd5 24. Qxd5 Bg6 25. g3 Bxg3 26. fxg3 Qxg3 27.
Rg1 Qh4+ 28. Kg2 h6 29. Nh3 e3 30. Kh2 Bxc2 31. Qxb7 Be4 32. Qb6 Re8 33. Qd4 g6
34. Bxa6 Qe7 35. Be2 Qc7+ 36. Rg3 Qc1 37. Ng1 Bb1 38. Qf4 Kg7 39. Qd4+ Kg8 40.
a4 Re4 41. Qc3 Qd2 42. Kg2 Qd8 43. Qc1 Ba2 44. Rxe3 Qg5+ 45. Kf2 Qh4+ 46. Rg3
Qh2+ 47. Rg2 Qh4+ 48. Kf1 Rf4+ 49. Nf3 Qh1+ 50. Rg1 Rxf3+ 51. Bxf3 Qxf3+ 52.
Ke1 Kh7 53. a5 Qe4+ 54. Kf2 Qf5+ 55. Kg3 Qxa5 56. Rh1 Qe5+ 57. Kf2 h5 58. Re1
Qd4+ 59. Re3 Bd5 60. Qc3 Qh4+ 61. Kg1 f5 62. b4 f4 63. Rh3 Qg4+ 64. Kf2 g5 65.
b5 Qg2+ 66. Ke1 h4 67. Qc7+ Kg6 68. Qd7 f3 69. Qe8+ Kf5 70. Qf8+ Ke4 71. Qe7+
Kd3 72. Qa3+ Kc4 73. Qa4+ Kc5 74. Qa3+ Kxb5 75. Qd3+ Kc6 76. Qa6+ Kd7 77. Qb5+
Ke6 78. Qe8+ Kf5 79. Qf8+ Kg6 80. Qe8+ Kf6 81. Qf8+ Ke5 82. Qb8+ Kd4 83. Qb6+
Kc4 84. Qa6+ Kc3 85. Qa3+ Kd4 86. Qa7+ Ke4 87. Qe7+ Kd3 88. Qa3+ Kc2 89. Qa4+
Kb1 90. Qd1+ Kb2 91. Qd4+ Ka3 92. Qc5+ Ka4 93. Qd4+ Ka3 94. Qc5+ Ka4 95. Qd4+
Ka3 96. Qc5+ {Game drawn by repetition} 1/2-1/2

[Event "ICS rated blitz match"]
[Site "204.178.125.65"]
[Date "2001.07.23"]
[Round "?"]
[White "Hossa"]
[Black "Tinker"]
[Result "0-1"]
[WhiteElo "2489"]
[BlackElo "2451"]
[PlyCount "63"]
[EventDate "2001.??.??"]

1. e4 e5 2. Nf3 Nf6 3. Nxe5 d6 4. Nf3 Nxe4 5. d4 d5 6. Bd3 Be7 7. O-O Nc6 8. c3
Bg4 9. Re1 f5 10. Qc2 O-O 11. Ne5 Nxe5 12. dxe5 Bc5 13. Be3 Bxe3 14. Rxe3 Qh4
15. Na3 Rfe8 16. f3 Qg5 17. Rae1 f4 18. Bxe4 dxe4 19. Rxe4 Bxf3 20. Rd4 Bc6 21.
Nc4 Rad8 22. Na5 Rxd4 23. cxd4 Bd5 24. Nc4 Re6 25. Na5 Rg6 26. Re2 f3 27. Rf2
Qe3 28. h4 fxg2 29. Qd2 Qh3 30. Rf8+ Kxf8 31. Qe1 Qh1+ 32. Kf2 {Hossa resigns}
0-1

[Event "ICS rated blitz match"]
[Site "204.178.125.65"]
[Date "2001.07.23"]
[Round "?"]
[White "Tinker"]
[Black "Hossa"]
[Result "0-1"]
[WhiteElo "2469"]
[BlackElo "2471"]
[PlyCount "92"]
[EventDate "2001.??.??"]

1. e4 e5 2. Nf3 Nf6 3. d4 exd4 4. e5 Ne4 5. Qxd4 d5 6. exd6 Nxd6 7. Nc3 Nc6 8.
Qf4 g6 9. Bd3 Bg7 10. O-O O-O 11. Be3 Re8 12. Rad1 Ne5 13. Bb5 c6 14. Bc5 Nxf3+
15. Qxf3 cxb5 16. Bxd6 Qf6 17. Qxf6 Bxf6 18. Nxb5 Bd8 19. Bf4 Bg4 20. Rd5 Be6
21. Rdd1 Bg4 22. f3 Be6 23. Nd6 Re7 24. Rfe1 Ba5 25. Bg5 Rd7 26. Ne4 Bb6+ 27.
Kh1 Rxd1 28. Rxd1 Rc8 29. Rd2 Bxa2 30. Nd6 Rc6 31. Nxb7 Bb3 32. c3 Re6 33. Bh4
g5 34. Bg3 f5 35. h3 f4 36. Bf2 Be3 37. Rd8+ Kf7 38. Be1 Ra6 39. Rd7+ Kf8 40.
Kh2 Ra1 41. Nd6 Rxe1 42. Ne4 Bg1+ 43. Kh1 Bc2 44. Rd8+ Ke7 45. Rg8 Bf2+ 46. Kh2
Bxe4 {Tinker resigns} 0-1

[Event "ICS rated blitz match"]
[Site "204.178.125.65"]
[Date "2001.07.23"]
[Round "?"]
[White "lagera"]
[Black "Hossa"]
[Result "0-1"]
[WhiteElo "2233"]
[BlackElo "2487"]
[PlyCount "76"]
[EventDate "2001.??.??"]

1. d4 Nf6 2. c4 e6 3. Nc3 Bb4 4. Bg5 h6 5. Bh4 g5 6. Bg3 Ne4 7. Qc2 Nxg3 8.
hxg3 c5 9. e3 cxd4 10. exd4 d5 11. a3 Ba5 12. cxd5 Bxc3+ 13. Qxc3 exd5 14. Nf3
Nc6 15. Bb5 Bd7 16. Kf1 Ne7 17. Bd3 Rc8 18. Qb4 a5 19. Qd6 Rc6 20. Qe5 Rf8 21.
Qe1 Re6 22. Qd2 Qb6 23. Ne5 Rg8 24. Re1 a4 25. Kg1 Qxd4 26. Nxd7 Rxe1+ 27. Qxe1
Kxd7 28. Bb5+ Nc6 29. Rxh6 Qg7 30. Rh5 Qxb2 31. Bxc6+ bxc6 32. g4 Re8 33. Qa5
Qxa3 34. Rxg5 Qc1+ 35. Kh2 Qxg5 36. Qa7+ Kd6 37. Qxa4 Qh4+ 38. Kg1 Re1# {
lagera checkmated} 0-1

[Event "ICS rated blitz match"]
[Site "204.178.125.65"]
[Date "2001.07.23"]
[Round "?"]
[White "Hossa"]
[Black "QueenMaxima"]
[Result "1-0"]
[WhiteElo "2489"]
[BlackElo "2599"]
[PlyCount "79"]
[EventDate "2001.??.??"]

1. e4 e5 2. Nf3 a6 3. Bc4 Nc6 4. O-O b5 5. Bd5 Nge7 6. Re1 a5 7. Nxe5 Nxe5 8.
Bxa8 c6 9. a4 b4 10. Qh5 N5g6 11. Qc5 Ba6 12. Qa7 Qc8 13. d3 b3 14. cxb3 Ne5
15. d4 Nd3 16. Rd1 Nb4 17. Na3 d5 18. f3 Ng6 19. Bd2 dxe4 20. fxe4 Qd7 21. Qb6
Ne7 22. Bxb4 axb4 23. Qxa6 bxa3 24. bxa3 h5 25. d5 Rh6 26. dxc6 Qc7 27. Rac1
Nc8 28. Qb7 Bd6 29. Rxd6 Qb6+ 30. Qxb6 Nxb6 31. Rxh6 gxh6 32. Bb7 Nc8 33. Bxc8
Kd8 34. c7+ Kxc8 35. h4 f6 36. Rc6 f5 37. exf5 Kd7 38. c8=Q+ Ke7 39. Qb7+ Ke8
40. Rc8# {QueenMaxima checkmated} 1-0

[Event "ICS rated blitz match"]
[Site "204.178.125.65"]
[Date "2001.07.23"]
[Round "?"]
[White "QueenMaxima"]
[Black "Hossa"]
[Result "1-0"]
[WhiteElo "2578"]
[BlackElo "2510"]
[PlyCount "76"]
[EventDate "2001.??.??"]

1. e4 c6 2. Nc3 g6 3. d4 Bg7 4. Nf3 d6 5. Be2 Nf6 6. O-O O-O 7. Bg5 d5 8. e5
Ne4 9. Bh4 c5 10. Bd3 Nxc3 11. bxc3 Nc6 12. Bb5 a6 13. Bxc6 bxc6 14. Rb1 Ra7
15. Rb8 Qc7 16. Rb2 cxd4 17. cxd4 c5 18. c3 Bg4 19. Qb3 Bxf3 20. gxf3 Qd7 21.
Qb6 cxd4 22. cxd4 Rc8 23. Rfb1 Bh6 24. Qa5 Kg7 25. Rb8 Rc2 26. Kg2 Bd2 27. Qa3
Bf4 28. R1b6 a5 29. Bg3 Bc1 30. Qb3 Rc4 31. e6 fxe6 32. Be5+ Kf7 33. Rh8 Rc8
34. Rxh7+ Kg8 35. Rg7+ Kf8 36. Qb1 Qe8 37. Rxe6 Bg5 38. Rexg6 Rc2 {
Hossa resigns} 1-0

[Event "ICS rated blitz match"]
[Site "204.178.125.65"]
[Date "2001.07.23"]
[Round "?"]
[White "Mink"]
[Black "Hossa"]
[Result "1/2-1/2"]
[WhiteElo "2717"]
[BlackElo "2507"]
[PlyCount "170"]
[EventDate "2001.??.??"]

1. e4 e5 2. Nf3 Nf6 3. Nxe5 d6 4. Nf3 Nxe4 5. d4 d5 6. Bd3 Be7 7. O-O Nc6 8. c4
Nb4 9. Be2 O-O 10. Nc3 Be6 11. Ne5 f6 12. Nf3 c5 13. Be3 Rc8 14. dxc5 Bxc5 15.
Bxc5 Rxc5 16. Qb3 Nc6 17. Nxd5 Na5 18. Qe3 Nxc4 19. Nxf6+ Qxf6 20. Qxe4 Nxb2
21. Qxb7 a5 22. Rac1 Na4 23. Rxc5 Nxc5 24. Qb5 Qc3 25. Qb1 Bd5 26. Rc1 Qa3 27.
Ng5 g6 28. Qc2 Ne6 29. Nxe6 Bxe6 30. Bc4 Bxc4 31. Qxc4+ Rf7 32. Qc2 Qb4 33. Rb1
Rc7 34. Qd1 Rd7 35. Qc2 Rc7 36. Qd1 Rd7 37. Qf1 Qd2 38. Qc4+ Kg7 39. Kf1 Re7
40. f3 h5 41. h4 Kh7 42. a4 Kg7 43. Ra1 Re5 44. Rb1 Re7 45. Qb5 Kh7 46. Qb3 Qf4
47. Qd1 Qc4+ 48. Kf2 Qxh4+ 49. Kg1 Kg7 50. Rc1 Qb4 51. Kf1 Kh7 52. g3 h4 53.
Kg2 hxg3 54. Kxg3 Rf7 55. Kg2 Qb2+ 56. Rc2 Qe5 57. Qd2 Qf5 58. Rc3 Qf4 59. Qd1
Qg5+ 60. Kf2 Qh4+ 61. Kg2 Rf5 62. Qd7+ Kh6 63. Qd2+ Rg5+ 64. Kf1 Kh5 65. Qc1
Qxa4 66. Rc4 Qb3 67. Kf2 Qb6+ 68. Ke2 Re5+ 69. Kd3 Rd5+ 70. Ke2 g5 71. Qc3 Rd8
72. Qc2 Re8+ 73. Kf1 Re7 74. Qh2+ Kg6 75. Qc2+ Kg7 76. Rc6 Qb5+ 77. Kf2 Kf8 78.
Rf6+ Rf7 79. Rg6 Qf5 80. Qc6 Qe5 81. Qc8+ Ke7 82. Qb7+ Kf8 83. Qc8+ Ke7 84.
Qb7+ Kf8 85. Qc8+ Ke7 {Game drawn by repetition} 1/2-1/2

[Event "ICS rated blitz match"]
[Site "204.178.125.65"]
[Date "2001.07.23"]
[Round "?"]
[White "golch"]
[Black "Hossa"]
[Result "0-1"]
[WhiteElo "2143"]
[BlackElo "2516"]
[PlyCount "98"]
[EventDate "2001.??.??"]

1. Nf3 g6 2. e4 Nh6 3. d4 Bg7 4. Nc3 c6 5. Bd3 d5 6. exd5 cxd5 7. Bb5+ Nc6 8.
Ne5 Bd7 9. Nxd7 Qxd7 10. Bxc6 bxc6 11. Bxh6 Bxh6 12. O-O O-O 13. f4 Rab8 14. b3
Bg7 15. Qd2 c5 16. dxc5 Qc7 17. Rf3 Qxc5+ 18. Kh1 Rfc8 19. Na4 Qxc2 20. Qxc2
Rxc2 21. Rd1 Rxa2 22. Nc3 Bxc3 23. Rxc3 e6 24. Rdc1 Ra3 25. Rb1 a5 26. Kg1 a4
27. Rbc1 Raxb3 28. Rc8+ Rxc8 29. Rxc8+ Kg7 30. Kf2 a3 31. g3 Rb2+ 32. Kf3 a2
33. Ra8 Rxh2 34. g4 g5 35. fxg5 e5 36. Ra6 Rb2 37. Kg3 d4 38. g6 hxg6 39. g5 e4
40. Kf4 e3 41. Kf3 e2 42. Kf2 d3 43. Ra7 Rc2 44. Ra3 Rc1 45. Rxa2 e1=Q+ 46. Kf3
d2 47. Rxd2 Qxd2 48. Kg4 Qe3 49. Kh4 Rc4# {golch checkmated} 0-1

[Event "ICS Rated standard match"]
[Site "204.178.125.65"]
[Date "2001.07.23"]
[Round "?"]
[White "Magellen"]
[Black "Hossa"]
[Result "1/2-1/2"]
[WhiteElo "2328"]
[BlackElo "2340"]
[PlyCount "246"]
[EventDate "2001.??.??"]

1. d4 Nf6 2. Bg5 d6 3. Bxf6 exf6 4. e3 Be7 5. Bd3 c5 6. c3 O-O 7. Qc2 g6 8. Ne2
Be6 9. Nd2 Nc6 10. Nf4 cxd4 11. exd4 d5 12. O-O Bd6 13. Nxe6 fxe6 14. Nf3 Qc7
15. Rad1 Ne7 16. Qd2 Bf4 17. Qe2 e5 18. dxe5 fxe5 19. g3 e4 20. Bxe4 dxe4 21.
Qxe4 Nc6 22. gxf4 Qxf4 23. Qxf4 Rxf4 24. Ne1 Ne5 25. Nd3 Nf3+ 26. Kg2 Rf7 27.
Ne1 Ne5 28. Nc2 Raf8 29. h3 Rf6 30. Ne3 R6f7 31. Ng4 Nxg4 32. hxg4 Kg7 33. Rd4
g5 34. f3 a6 35. Kg3 Re8 36. Kf2 Re6 37. Rfd1 Ref6 38. R1d3 h5 39. gxh5 Kh6 40.
Rd6 Kxh5 41. Rxf6 Rxf6 42. Rd5 Kg6 43. Kg3 Rb6 44. b3 Rf6 45. Rd7 b6 46. c4 Re6
47. a4 Rf6 48. Ra7 a5 49. c5 Rc6 50. cxb6 Rxb6 51. Rxa5 Rxb3 52. Rb5 Ra3 53. a5
Kf6 54. Kf2 Ra4 55. Ke3 g4 56. fxg4 Rxg4 57. Kd2 Rg2+ 58. Kc3 Ke7 59. Rd5 Ke6
60. Rd3 Ke7 61. Kb4 Rb2+ 62. Kc5 Rc2+ 63. Kb6 Rb2+ 64. Ka7 Ke8 65. Rd6 Ke7 66.
Rd1 Ke8 67. a6 Ke7 68. Ka8 Ke8 69. Rd4 Ke7 70. Ka7 Rb1 71. Rd2 Rc1 72. Ka8 Ke8
73. a7 Rb1 74. Rh2 Kd8 75. Rf2 Kc7 76. Rc2+ Kb6 77. Rc8 Ra1 78. Rb8+ Ka6 79.
Rf8 Rb1 80. Rf6+ Ka5 81. Re6 Rf1 82. Rd6 Rb1 83. Rc6 Rb2 84. Rh6 Re2 85. Rd6
Rb2 86. Rc6 Rb1 87. Rh6 Re1 88. Rh8 Ka6 89. Rc8 Re6 90. Rg8 Rf6 91. Rd8 Rg6 92.
Rh8 Rf6 93. Rg8 Rh6 94. Rf8 Rg6 95. Rd8 Rh6 96. Re8 Rg6 97. Rf8 Rg5 98. Rf6+
Ka5 99. Rc6 Rb5 100. Rc2 Kb6 101. Rc8 Ra5 102. Rb8+ Ka6 103. Re8 Rb5 104. Re6+
Ka5 105. Re7 Ka6 106. Re2 Rf5 107. Re6+ Ka5 108. Rd6 Rb5 109. Rd2 Kb6 110. Rd8
Ka6 111. Rd3 Kb6 112. Rg3 Rd5 113. Rg6+ Kc7 114. Rg8 Re5 115. Rb8 Rf5 116. Rb7+
Kc8 117. Re7 Rg5 118. Rf7 Rh5 119. Rg7 Rh4 120. Rg8+ Kc7 121. Rb8 Kc6 122. Rf8
Kc7 123. Rf7+ Kb6 {Game drawn by the 50 move rule} 1/2-1/2

[Event "ICS Rated standard match"]
[Site "204.178.125.65"]
[Date "2001.07.23"]
[Round "?"]
[White "Hossa"]
[Black "Hossa-Tester"]
[Result "1-0"]
[WhiteElo "2340"]
[BlackElo "2303"]
[PlyCount "101"]
[EventDate "2001.??.??"]

1. Nf3 f5 2. d4 Nf6 3. g3 g6 4. Bg2 Bg7 5. O-O O-O 6. c3 d6 7. Ng5 e6 8. Na3 h6
9. Nh3 g5 10. f4 g4 11. Nf2 d5 12. Nc2 h5 13. Nd3 h4 14. gxh4 Ne4 15. Ne5 Rf6
16. Bxe4 dxe4 17. Ne3 Rh6 18. Ng2 Bf6 19. Qe1 Nd7 20. c4 Nxe5 21. fxe5 Bxh4 22.
Nxh4 Rxh4 23. Qf2 b6 24. Bf4 Bb7 25. d5 exd5 26. Rad1 c6 27. cxd5 cxd5 28. Rd4
Qe7 29. b4 Rc8 30. a4 Rc2 31. Rd2 Rc4 32. Rd4 Rh3 33. Rxc4 dxc4 34. Bg3 Bc8 35.
Rd1 Be6 36. Rd6 Rh7 37. Qf4 Kf7 38. a5 bxa5 39. bxa5 Rh8 40. Qe3 Kg7 41. Bf2
Ra8 42. Ra6 Rd8 43. Rxa7 Rd7 44. Ra6 Kh7 45. Kg2 Rb7 46. Rd6 Rb3 47. Qf4 Rb2
48. Be3 Kg8 49. Qh6 Rxe2+ 50. Kf1 Rxe3 51. Rxe6 {Hossa-Tester resigns} 1-0

[Event "ICS Rated blitz match"]
[Site "204.178.125.65"]
[Date "2001.07.23"]
[Round "?"]
[White "Hossa"]
[Black "QueenMaxima"]
[Result "1-0"]
[WhiteElo "2523"]
[BlackElo "2561"]
[PlyCount "167"]
[EventDate "2001.??.??"]

1. e4 e5 2. Nf3 Nf6 3. d4 Nxe4 4. Bd3 f5 5. Nxe5 Qh4 6. O-O Be7 7. Qe2 Nc6 8.
Nf3 Qg4 9. Nc3 Nxc3 10. bxc3 d5 11. Bg5 O-O 12. Bxe7 Re8 13. Bc4 dxc4 14. Qxc4+
Kh8 15. Ba3 Bd7 16. Rfe1 Rad8 17. Qf7 Rxe1+ 18. Rxe1 Qg6 19. Qxg6 hxg6 20. d5
Nb8 21. Re7 Re8 22. Ne5 g5 23. c4 g4 24. Nxd7 Rxe7 25. Bxe7 Nxd7 26. Bd8 c6 27.
Bg5 Kg8 28. Be3 Ne5 29. d6 Kf7 30. c5 Ke6 31. Bd4 Nd7 32. h4 gxh3 33. gxh3 g6
34. Be3 Ke5 35. Kg2 f4 36. Bc1 Nxc5 37. Kf3 Kxd6 38. Kxf4 Ne6+ 39. Ke4 b6 40.
Be3 Ng7 41. Bf4+ Ke6 42. Bb8 Ne8 43. Kf4 Nf6 44. Kg5 Kf7 45. f4 Ne4+ 46. Kg4
Nf6+ 47. Kg5 a6 48. f5 Ne4+ 49. Kf4 Nc3 50. fxg6+ Kxg6 51. Ba7 Kf6 52. h4 Ke6
53. Kg5 b5 54. Kg6 Ne4 55. h5 Nd6 56. h6 Nf7 57. h7 a5 58. Bb6 Ne5+ 59. Kg7 Nf7
60. Bc5 b4 61. Bd6 a4 62. Bxb4 c5 63. Bxc5 a3 64. h8=Q Nxh8 65. Kxh8 Kd5 66.
Bxa3 Ke4 67. Kg8 Kd4 68. Kf7 Kc4 69. Ke7 Kd5 70. Kf7 Kc4 71. Ke6 Kc3 72. Ke7
Kxc2 73. Bd6 Kd3 74. a4 Kc4 75. Ke6 Kd4 76. a5 Ke4 77. a6 Ke3 78. a7 Ke4 79.
a8=Q+ Ke3 80. Qd5 Ke2 81. Bg3 Ke3 82. Kf5 Ke2 83. Qd4 Kf3 84. Qf2# {
QueenMaxima checkmated} 1-0

[Event "ICS rated standard match"]
[Site "204.178.125.65"]
[Date "2001.07.23"]
[Round "?"]
[White "Hossa-Tester"]
[Black "Hossa"]
[Result "1-0"]
[WhiteElo "2289"]
[BlackElo "2354"]
[PlyCount "86"]
[EventDate "2001.??.??"]

1. e4 c5 2. b4 cxb4 3. a3 bxa3 4. Bxa3 e5 5. Bxf8 Kxf8 6. Nf3 d5 7. Nc3 dxe4 8.
Nxe5 Qd4 9. Nc4 Bd7 10. Qb1 b5 11. Nxb5 Bxb5 12. Qb4+ Ne7 13. c3 Qd5 14. Ne3
Nbc6 15. Qxb5 Qxb5 16. Bxb5 Rb8 17. Ba4 a5 18. f3 exf3 19. gxf3 Ne5 20. O-O Ra8
21. d4 N5g6 22. c4 Nh4 23. d5 Nef5 24. Nxf5 Nxf5 25. Rfe1 g5 26. c5 Kg7 27. d6
Rab8 28. d7 Nd4 29. c6 Nxf3+ 30. Kf2 Nxe1 31. Rxe1 Rbc8 32. dxc8=B Rxc8 33. Re5
Kf6 34. Rxa5 h6 35. Ke3 Ke6 36. Kd4 f5 37. Kc5 f4 38. Bd1 Ke5 39. Bg4 Rh8 40.
c7 Ke4 41. Rb5 h5 42. Bh3 g4 43. Rb8 Rxb8 {Hossa resigns} 1-0

[Event "ICS rated bullet match"]
[Site "204.178.125.65"]
[Date "2001.07.23"]
[Round "?"]
[White "jo"]
[Black "Hossa"]
[Result "0-1"]
[WhiteElo "2327"]
[BlackElo "2586"]
[PlyCount "44"]
[EventDate "2001.??.??"]

1. e4 e5 2. Nf3 Nf6 3. d4 exd4 4. e5 Ne4 5. Qxd4 d5 6. exd6 Nxd6 7. Qf4 Nf5 8.
Bd3 Bd6 9. Qa4+ Bd7 10. Qb3 Qc8 11. Nbd2 O-O 12. Ne4 Nc6 13. Nxd6 cxd6 14. O-O
Ncd4 15. Nxd4 Nxd4 16. Qd5 Nxc2 17. Bxc2 Qxc2 18. Qxd6 Bb5 19. Re1 Rfe8 20. Be3
Qxb2 21. Bd4 Qd2 22. Be3 Qxd6 {jo resigns} 0-1

[Event "ICS rated blitz match"]
[Site "204.178.125.65"]
[Date "2001.07.23"]
[Round "?"]
[White "cfd"]
[Black "Hossa"]
[Result "0-1"]
[WhiteElo "2180"]
[BlackElo "2541"]
[PlyCount "62"]
[EventDate "2001.??.??"]

1. d4 Nf6 2. e3 d5 3. Bd3 c5 4. c3 Nc6 5. Nf3 e6 6. Ne5 Nxe5 7. dxe5 Nd7 8. f4
c4 9. Bc2 Qh4+ 10. g3 Qh3 11. Nd2 Nc5 12. Qe2 Be7 13. Nf3 Qh5 14. Nd4 Qxe2+ 15.
Kxe2 Bd7 16. Bd2 f6 17. Nf3 f5 18. Nd4 O-O-O 19. b4 Na6 20. a4 Nc7 21. Bc1 h5
22. Ba3 h4 23. Kf2 g5 24. Kg2 Rdg8 25. b5 Bxa3 26. Rxa3 gxf4 27. exf4 hxg3 28.
h3 Rh4 29. Ne2 a6 30. b6 d4 31. Nxd4 Nd5 {cfd resigns} 0-1